La censura maquillada Cm̤o las leyes contra el “discurso del odio” amenazan la libertad de expresin̤ /

Detalles Bibliográficos
Autor principal: Coleman, Paul
Formato: eBook
Lenguaje:español
Publicado: Madrid: Dykinson, 2018
Materias:
Acceso en línea:Acceso restringido

MARC

LEADER 00000nam a22000007a 4500
005 20190219221622.0
007 cr|||| ||||
008 190219s2018 es |||||s|||| 00||0 spa d
020 |a 978-84-9148-957-3 
035 |a 22757 
040 |a vLex 
090 |c 8466  |d 8466 
100 1 |a Coleman, Paul 
245 1 2 |a La censura maquillada  |h [Recurso electrn̤ico] :  |b Cm̤o las leyes contra el “discurso del odio” amenazan la libertad de expresin̤ /  |c Paul Coleman 
256 |a Servicio en ln̕ea 
260 |a Madrid:  |b Dykinson,  |c 2018 
300 |a 1 recurso electrn̤ico 
506 1 |a Disponible solo en los productos indicados  |d vLex Global  |d vLex Global (Academic Edition, excluding Law Schools)  |d vLex Global (U.S. Academic Edition, Law Schools)  |d vLex Global (U.S. Academic Edition, excluding Law Schools)  |d vLex Global (Academic Edition, Law Schools) 
650 0 4 |a Derecho Comunitario  |z Espaą 
740 0 |a vLex Libros (Servicio en ln̕ea) 
856 4 0 |u http://vlex.com/source/censura-maquillada-leyes-discurso-odio-amenazan-libertad-expresion-22757  |z Acceso restringido 
942 |c BOOK 
999 0 |a Community Law